| 000 | 01103njm a2200301Ia 4500 | ||
|---|---|---|---|
| 001 | 32993 | ||
| 003 | IT-RoPAU | ||
| 005 | 20220918181112.0 | ||
| 008 | 131025s9999 xx 000 0 und d | ||
| 040 | _aIT-RoPAU | ||
| 040 | _cIT-RoPAU | ||
| 999 |
_c99072 _d99072 |
||
| 999 | _bn.d. | ||
| 100 |
_aVivaldi Antonio _919087 |
||
| 100 |
_eAutore musica _919088 |
||
| 100 |
_gCodice autore musica SPICS: 11195 _919089 |
||
| 245 | _aViva Vivaldi | ||
| 250 | _a1a ed. | ||
| 260 | _aITALIA | ||
| 260 |
_bPOLYGRAM _c1985 [1a Ed.:1985 - Ed. Lingua Orig.: 1985] |
||
| 300 | _aDISCO | ||
| 300 | _c38 minuti (Testo: pag.) | ||
| 500 | _aMusica strumentale. Arrangiamento | ||
| 505 | _aPrimavera - A Springtime Dream - Sicilian Wedding - Largo - La cappella di Venezia - La danza di Verona - La festa degli angeli - La strada d'amore - Piazza Palermo - Winter - Addio mare - La stravaganza | ||
| 650 |
_aARRANGIAMENTO [DISCHI] _eCodice MATERIA SPICS: 9950 _919090 |
||
| 700 |
_aLast James _eAutore _gCodice autore SPICS: 10976 _99404 |
||
| 700 |
_aLast James _gCodice interprete SPICS: 10976 _eInterprete _911447 |
||
| 942 |
_cMD _2ddc |
||